Normal view MARC view
  • Architecture, British

Entry Geographic Name

Number of records used in: 1

001 - CONTROL NUMBER

  • control field: 120567

003 - CONTROL NUMBER IDENTIFIER

  • control field: NUST

005 - DATE AND TIME OF LATEST TRANSACTION

  • control field: 20240215125330.0

008 - FIXED-LENGTH DATA ELEMENTS

  • fixed length control field: 240215|| aca||aabn | a|a d

040 ## - CATALOGING SOURCE

  • Original cataloging agency: NUST
  • Transcribing agency: NUST

151 ## - HEADING--GEOGRAPHIC NAME

  • Geographic name: Architecture, British

670 ## - SOURCE DATA FOUND

  • Source citation: Work cat.: (NUST): Stonehouse, Roger 120566, Trevor Dannatt :, 2008.
© 2023 Central Library, National University of Sciences and Technology. All Rights Reserved.